Schaum's Outline of Strength of Materials / (Record no. 616506)

000 -LEADER
fixed length control field 00402nam a22001457a 4500
020 ## - INTERNATIONAL STANDARD BOOK NUMBER
Qualifying information PB.
040 ## - CATALOGING SOURCE
Transcribing agency FIZZA ISHAQ
082 ## - DEWEY DECIMAL CLASSIFICATION NUMBER
Classification number 620.112
Author Mark NAS
100 ## - MAIN ENTRY--PERSONAL NAME
Personal name Nash , William A.
9 (RLIN) 40864
245 ## - TITLE STATEMENT
Title Schaum's Outline of Strength of Materials /
Statement of responsibility, etc. William A. Nash.
250 ## - EDITION STATEMENT
Edition statement 4TH ED.
260 ## - PUBLICATION, DISTRIBUTION, ETC.
Place of publication, distribution, etc. New York:
Name of publisher, distributor, etc. McGraw-Hill,
Date of publication, distribution, etc. 2010.
300 ## - PHYSICAL DESCRIPTION
Extent 432 P. ;
Dimensions 8.2 x 0.73 x 10.8 inches
942 ## - ADDED ENTRY ELEMENTS (KOHA)
Source of classification or shelving scheme
Koha item type Book
Holdings
Withdrawn status Lost status Source of classification or shelving scheme Damaged status Not for loan Permanent Location Current Location Date acquired Total Checkouts Full call number Barcode Date last seen Price effective from Koha item type
          NUST Baluchistan Campus (NBC) NUST Baluchistan Campus (NBC) 03/04/2026   620.112 NAS Q-2084 03/04/2026 03/04/2026 Book
© 2023 Central Library, National University of Sciences and Technology. All Rights Reserved.